00802nam a2200229Ia 4500001000600000003000900006008004100015040001300056040001300069041001300082100001800095100002900113245003400142245003400176250001100210260001200221260002600233300004100259500021700300650002400517650003100541 6398IT-RoPAU130308s9999 xx 000 0 und d aIT-RoPAU cIT-RoPAU aITALIANO aMarin Corrado gCodice Aut. SPICS: 4157 aFotografia in controluce (La) bFotografia in controluce (La) a1a ed. aTRIESTE bTecniche Fotografiche a"40 p. (prefazione: no ; testo: 40)" aApparecchio e Accessori Esposizione masse di Luce e Ombra controluce Assoluto mezzo controluce resa del Cielo e delle Nuvole controluce Sulla Neve Uso della Luce Lampo Trattamento del negativo controluce a Colori aTECNICA FOTOGRAFICA eCodice materia Spics: 6752